Investiční matematika
Salvato in:
| Autore principale: | |
|---|---|
| Natura: | Libro |
| Lingua: | ceco |
| Pubblicazione: |
Praha
GRADA Publishing
1999
|
| Soggetti: | |
| Tags: |
Nessun Tag, puoi essere il primo ad aggiungerne!!
|
MARC
| LEADER | 00000nam a2200000 4500 | ||
|---|---|---|---|
| 001 | c110082 | ||
| 005 | 20221102135159.3 | ||
| 020 | |a 80-7169-429-0 | ||
| 041 | 0 | |a cze | |
| 044 | |a CZ | ||
| 245 | 1 | 0 | |a Investiční matematika |c Slavomír Steigauf |
| 264 | 1 | |a Praha |b GRADA Publishing |c 1999 | |
| 300 | |a 335 s. | ||
| 610 | 2 | 0 | |a matematika |
| 610 | 2 | 0 | |a matematika finančná |
| 610 | 2 | 0 | |a investície |
| 610 | 2 | 0 | |a miera úroková |
| 610 | 2 | 0 | |a výnosy |
| 610 | 2 | 0 | |a riziko |
| 610 | 2 | 0 | |a riadenie |
| 610 | 2 | 0 | |a likvidita |
| 610 | 2 | 0 | |a rozhodovanie investičné |
| 610 | 2 | 0 | |a účtovníctvo |
| 610 | 2 | 0 | |a účty bankové |
| 610 | 2 | 0 | |a certifikáty depozitné |
| 610 | 2 | 0 | |a zmenky |
| 610 | 2 | 0 | |a poukážky pokladničné |
| 610 | 2 | 0 | |a dlhopisy |
| 610 | 2 | 0 | |a anuita |
| 610 | 2 | 0 | |a akcie |
| 610 | 2 | 0 | |a analýza technická |
| 610 | 2 | 0 | |a emisia |
| 610 | 2 | 0 | |a devízy |
| 610 | 2 | 0 | |a spot |
| 610 | 2 | 0 | |a forwardy |
| 610 | 2 | 0 | |a zmluvy |
| 610 | 2 | 0 | |a deriváty |
| 610 | 2 | 0 | |a futurity |
| 610 | 2 | 0 | |a opcie |
| 610 | 2 | 0 | |a papiere cenné |
| 610 | 2 | 0 | |a swap |
| 610 | 2 | 0 | |a hedging |
| 610 | 2 | 0 | |a štúdie prípadové |
| 610 | 2 | 0 | |a indexy |
| 100 | 1 | |a Steigauf, Slavomír | |